000 00555nam a2200205 a 4500
005 20140310183451.0
008 090107s19uu xx 00 eng d
020 _a9780070137882
050 _aHD 57.7
_b.K26 2007
100 _aKehoe, Daniel
245 _aLeading and managing change /
_cDaniel Kehoe
260 _aAustralia :
_bMcGraw-Hill,
_c2007.
300 _a51 p. :
_bill. ;
_c24 cm.
521 _aBSBA
650 _aBSBA.
650 _aOrganizational change
_xManagement.
650 _aLeadership.
942 _cBK
_2lcc
_kFOR
999 _c23400
_d23400